000 00354nam a2200145Ia 4500
008 230917s9999||||xx |||||||||||||| ||und||
040 _e76412
_aMAIN
041 _aEnglish
082 _a658.409 H326D
100 _aHayes, John
245 0 _aDeveloping the manager as a helper
260 _aLondon
_bRoutledge
_c1996
300 _ax, 162 p.
942 _cBK
999 _c89884
_d89884